LEADER 05340nam 2200637Ia 450 001 9910830596403321 005 20170810192831.0 010 $a1-280-85418-9 010 $a9786610854189 010 $a3-527-60730-7 010 $a3-527-60710-2 035 $a(CKB)1000000000376053 035 $a(EBL)482235 035 $a(OCoLC)70154864 035 $a(SSID)ssj0000097272 035 $a(PQKBManifestationID)11116627 035 $a(PQKBTitleCode)TC0000097272 035 $a(PQKBWorkID)10113251 035 $a(PQKB)10450965 035 $a(MiAaPQ)EBC482235 035 $a(PPN)188347844 035 $a(EXLCZ)991000000000376053 100 $a20050208d2005 uy 0 101 0 $aeng 135 $aur|n|---||||| 181 $ctxt 182 $cc 183 $acr 200 00$aAdhesion$b[electronic resource] $ecurrent research and applications /$fedited by Wulff Possart 210 $aWeinheim $cWiley-VCH$dc2005 215 $a1 online resource (609 p.) 300 $a"Based on lectures held at the 7th European Conference on Adhesion"--P. vi. 311 $a3-527-31263-3 320 $aIncludes bibliographical references and index. 327 $aAdhesion; Preface; Contents; List of Contributors; 1 The Interfacial Chemistry of Adhesion: Novel Routes to the Holy Grail?; Abstract; 1.1 Introduction; 1.2 Development of a Model Interphase; 1.3 The Buried Interface; 1.4 Conclusion; Acknowledgments; References; 2 Modeling Fundamental Aspects of the Surface Chemistry of Oxides and their Interactions with Coupling Agents; Abstract; 2.1 Introduction: Atomistic Simulations in Adhesion; 2.2 Prediction of Surface Properties: Ideal Reconstructions on ?-SiO(2) (0001); 2.3 Organic Components of the Adhesive and Substrate-Adhesive Interaction 327 $a2.4 Conclusion and OutlookReferences; 3 Adhesion at the Nanoscale: an Approach by AFM; Abstract; 3.1 Introduction; 3.2 Materials and Methods; 3.2.1 Preparation of Oxidized Silica Surface; 3.2.2 Grafting of Functionalized SAMs onto Silicon Wafer; 3.2.3 Crosslinking and Functionalization of PDMS Networks; 3.2.4 Characterization of the SAMs; 3.3 Results and Discussion; 3.3.1 Force-Distance Curve Measurements and AFM Calibration; 3.3.1.1 Force-Distance Curve Features; 3.3.1.2 The DD Curve (Contact Mode); 3.3.1.3 AFM Calibration; 3.3.1.3.1 Determination of the Spring Constant of the Cantilever 327 $a3.3.1.3.2 Nonlinearity of the Quadrant of Photodiodes3.3.1.3.3 Scan Rate of the Cantilever; 3.3.1.3.4 Systematic Check; 3.3.2 Force-Distance Curves on Rigid Systems of Controlled Surface Chemistry; 3.3.3 Force-Distance Measurements on Polymers; 3.3.3.1 Force-Indentation Measurements on Polymers; 3.3.3.2 Force-Indentation Curves on Systems of Controlled Surface Chemistry and Controlled Mechanical Properties; 3.4 Conclusion; References; 4 Organization of PCL-b-PMMA Diblock Thin Films: Relationship to the Adsorption Substrate Chemistry; Abstract; 4.1 Introduction; 4.2 Materials and Methods 327 $a4.2.1 PCL-b-PMMA Diblocks4.2.2 Infrared Spectroscopy; 4.2.2.1 Transmission; 4.2.2.2 Polarization-Modulation Infrared Reflection-Absorption Spectroscopy (PM-IRRAS); 4.2.3 Atomic Force Microscopy (AFM); 4.3 Results and Discussion; 4.3.1 PCL-b-PMMA Bulk Characterization; 4.3.2 PCL-b-PMMA Thin Films on OH-Functionalized Gold Substrates; 4.3.3 PCL-b-PMMA Thin Films on Gold Substrates; 4.4 Conclusion; References; 5 Adhesion and Friction Properties of Elastomers at Macroscopic and Nanoscopic Scales; Abstract; 5.1 Introduction; 5.2 Materials and Methods; 5.3 Results and Discussion 327 $a5.3.1 Adherence Energy5.3.2 Macroscale Friction; 5.3.3 Nanoscale Friction and Adhesion; 5.4 Conclusion; References; 6 Chemical Structure Formation and Morphology in Ultrathin Polyurethane Films on Metals; Abstract; 6.1 Introduction; 6.2 Materials and Methods; 6.2.1 Sample Preparation; 6.2.2 Experimental Characterization; 6.2.3 IR Spectra Calculation; 6.2.4 IR Band Assignment; 6.3 Results and Discussion; 6.3.1 Curing at Room Temperature; 6.3.2 Morphology of Thin Films; 6.3.3 Chemical Structure of Cured Films; 6.4 Conclusion; Acknowledgments; References 327 $a7 Properties of the Interphase Epoxy-Amine/Metal: Influences from the Nature of the Amine and the Metal 330 $aEmphasizing the most recent developments this book addresses both the basic and applied aspects of adhesion. The authors present the latest results on fundamental aspects, adhesion in biology, chemistry for adhesive formulation, surface chemistry and the pretreatment of adherends, mechanical issues, non-destructive testing and the durability of adhesive joints, as well as advanced technical applications of adhesive joints. Prominent scientists review the current level of knowledge concerning the role of chemical bonds in adhesion, new resins and nanocomposites for adhesives, and about the role 606 $aAdhesion 606 $aAdsorption 615 0$aAdhesion. 615 0$aAdsorption. 676 $a541.33 676 $a620.199 701 $aPossart$b Wulff$01667955 712 12$aEuropean Conference on Adhesion$d(7th :$f2004 :$eFreiberg, Germany) 801 0$bMiAaPQ 801 1$bMiAaPQ 801 2$bMiAaPQ 906 $aBOOK 912 $a9910830596403321 996 $aAdhesion$94028187 997 $aUNINA LEADER 07604nam 22006375 450 001 9910768175903321 005 20251216135700.0 010 $a3-540-68448-4 024 7 $a10.1007/BFb0029429 035 $a(CKB)1000000000234613 035 $a(SSID)ssj0000321418 035 $a(PQKBManifestationID)11254894 035 $a(PQKBTitleCode)TC0000321418 035 $a(PQKBWorkID)10279578 035 $a(PQKB)11528184 035 $a(DE-He213)978-3-540-68448-0 035 $a(PPN)155172999 035 $a(EXLCZ)991000000000234613 100 $a20121227d1997 u| 0 101 0 $aeng 135 $aurnn#008mamaa 181 $ctxt 182 $cc 183 $acr 200 10$aArtificial Intelligence in Medicine $e6th Conference in Artificial Intelligence in Medicine, Europe, AIME '97, Grenoble, France, March 23-26, 1997, Proceedings /$fedited by Elpida Keravnou, Catherine Garbay, Robert Baud, Jeremy Wyatt 205 $a1st ed. 1997. 210 1$aBerlin, Heidelberg :$cSpringer Berlin Heidelberg :$cImprint: Springer,$d1997. 215 $a1 online resource (XIV, 534 p.) 225 1 $aLecture Notes in Artificial Intelligence ;$v1211 300 $aBibliographic Level Mode of Issuance: Monograph 311 08$a3-540-62709-X 327 $aRobots as surgical assistants: Where we are, wither we are tending, and how to get there -- Intelligent image management in an integrated telemedicine services network -- AI technologies: Conditions for further impact -- Protocols for medical procedures and therapies: A provisional description of the PROforma language and tools -- Supporting tools for guideline development and dissemination -- A task-specific ontology for the application and critiquing of time-oriented clinical guidelines -- User-adapted multimedia explanations in a clinical guidelines consultation system -- Algorithm and care pathway: Clinical guidelines and healthcare processes -- Detecting very early stages of dementia from normal aging with Machine Learning methods -- Acquiring and validating background knowledge for machine learning using function decomposition -- Automated revision of expert rules for treating acute abdominal pain in children -- Evaluation of automatic and manual knowledge acquisition for cerebrospinal fluid (CSF) diagnosis -- Knowledge acquisition by the domain expert using the tool HEMATOOL -- Application of inductive logic programming for learning ECG waveforms -- Knowledge discovery from a breast cancer database -- An adaptive two-tier menu approach to support on-line entry of diagnoses -- Machine learning applied to diagnosis of sport injuries -- A theoretical framework for decision trees in uncertain domains: Application to medical data sets -- Developing a decision-theoretic network for a congenital heart disease -- A theory of medical diagnosis as hypothesis refinement -- A new approach to feature selection -- A heuristic approach to the multiple diagnoses problem -- Intelligent assistance for coronary heart disease diagnosis: A comparison study -- Diagnosis and monitoring of ulnar nerve lesions -- Hypothesist: A development environment for intelligent diagnostic systems -- The clinical spectrum of decision-support in oncology with a case report of a real world system -- A Case-Based Reasoning method for computer-assisted diagnosis in histopathology -- The validation of an expert system for diagnosis of acute myocardial infarction -- A causal-functional model applied to EMG diagnosis -- Learning Bayesian Networks by Genetic Algorithms: A case study in the prediction of survival in malignant skin melanoma -- A neuro-fuzzy-classifier for a knowledge-based glaucoma monitor -- A method for diagnosing in large medical expert systems based on causal probabilistic networks -- Dynamic decision making in stochastic partially observable medical domains: Ischemic heart disease example -- Self-learning fuzzy logic control in medicine -- Planning and scheduling patient tests in hospital laboratories -- Temporal Abstractions for diabetic patients management -- Temporal scenario recognition for intelligent patient monitoring -- Medical planning environment -- Strengthening argumentation in medical explanations by text plan revision -- An ontological analysis of surgical deeds -- Building medical dictionaries for patient encoding systems: A methodology -- A Semantics-based communication system for dysphasic subjects -- Multilingual decision-support for the diagnosis of acute abdominal pain: An European Concerted Action (COPERNICUS 555) -- Medical Concept systems, lexicons and Natural Language Generation -- Distributed plan construction and execution for medical image interpretation -- Improved identification of the human shoulder kinematics with muscle biological filters -- A society of goal-oriented agents for the analysis of living cells -- Methodology for the design of digital brain atlases -- Rule-based labeling of CT head image -- Characterisation of tumorous tissue in rat brain by in vitro magnetic resonance spectroscopy and Artificial Neural Networks -- An application of Machine Learning in the diagnosis of ischaemic heart disease -- Meta-level learning in a hybrid knowledge-based architecture -- A framework for building cooperating agents -- Adding knowledge to information retrieval systems in the World Wide Web -- Learning from data through the integration of qualitative models and fuzzy systems -- Case-based reasoning and statistics for discovering and forecasting of epidemics -- Knowledge refinement of an expert system using a symbolic-connectionist approach -- Integrated decision support: The DIADOQ computer-based patient record. 330 $aThis book constitutes the refereed proceedings of the 6th Conference on Artificial Intelligence in Medicine Europe, AIME'97, held in Grenoble, France, in March 1997. The volume presents 33 revised full papers selected from a total of 82 submissions; also included are three invited presentations and 25 posters. The papers are organized in topical sections on protocols and guidelines, knowledge acquisition and learning, decision-support theories, diagnostic problem solving, probabilistic models and fuzzy logic, temporal reasoning and planning, natural language and terminology, image and signal processing, and hybrid and cooperative systems. 410 0$aLecture Notes in Artificial Intelligence ;$v1211 606 $aMedicine 606 $aArtificial intelligence 606 $aMedical informatics 606 $aBiomedicine, general$3https://scigraph.springernature.com/ontologies/product-market-codes/B0000X 606 $aArtificial Intelligence$3https://scigraph.springernature.com/ontologies/product-market-codes/I21000 606 $aHealth Informatics$3https://scigraph.springernature.com/ontologies/product-market-codes/H28009 615 0$aMedicine. 615 0$aArtificial intelligence. 615 0$aMedical informatics. 615 14$aBiomedicine, general. 615 24$aArtificial Intelligence. 615 24$aHealth Informatics. 676 $a610/.285/63 702 $aKeravnou$b Elpida$4edt$4http://id.loc.gov/vocabulary/relators/edt 702 $aGarbay$b Catherine$4edt$4http://id.loc.gov/vocabulary/relators/edt 702 $aBaud$b Robert$4edt$4http://id.loc.gov/vocabulary/relators/edt 702 $aWyatt$b Jeremy$4edt$4http://id.loc.gov/vocabulary/relators/edt 712 12$aConference on Artificial Intelligence in Medicine Europe 906 $aBOOK 912 $a9910768175903321 996 $aArtificial Intelligence in Medicine$92783404 997 $aUNINA